| 000 -LEADER |
| fixed length control field |
00659nam a22002297a 4500 |
| 008 - FIXED-LENGTH DATA ELEMENTS--GENERAL INFORMATION |
| fixed length control field |
150921b xxu||||| |||| 00| 0 eng d |
| 020 ## - INTERNATIONAL STANDARD BOOK NUMBER |
| International Standard Book Number |
0324015771 |
| 041 0# - LANGUAGE CODE |
| Language code of text/sound track or separate title |
eng |
| 080 ## - UNIVERSAL DECIMAL CLASSIFICATION NUMBER |
| Universal Decimal Classification number |
658.15 |
| 100 1# - Rafti |
| Rafti |
Moyer, R. Charles, |
| 245 10 - TITLE STATEMENT |
| Title |
Contemporary financial management fundamentals / |
| Statement of responsibility, etc |
R. Charles Moyer, James R. McGuigan, Ramesh P. Rao. |
| 250 ## - |
| -- |
1st ed. |
| 260 ## - |
| -- |
Mason, Ohio : |
| -- |
Thomson/South-Western, |
| -- |
2005. |
| 300 ## - |
| -- |
xxii, 586 f. : |
| -- |
me il.; |
| -- |
26 cm. |
| 505 ## - |
| -- |
Index: f. 576-586 |
| 650 0# - |
| -- |
Financë |
| 650 0# - |
| -- |
Organizim |
| 650 0# - |
| -- |
Bazat |
| 700 1# - |
| -- |
McGuigan, James R. |
| 700 1# - |
| -- |
Rao, Ramesh P. |
| 942 ## - ADDED ENTRY ELEMENTS (KOHA) |
| Source of classification or shelving scheme |
|
| Item type |
Books |